000 01052nam1a22002411i 4500
001 rc\3917682
005 20240724165221.0
035 _a(NLR Aleph) 008023863
090 _a8778023
_c8778023
100 _a20130415d1951 |||y0rusy50 ca
101 0 _arus
102 _aRU
105 _a z |||||
200 1 _aБинагадинское местонахождение четвертичной фауны и флоры
_eЧ. 1-
210 _aБаку
_cИзд-во Акад. наук АзССР
_d1951
215 _d26
225 1 _aАкадемия наук Азербайджанской ССР. Труды Естественноисторического музея им. Г. Зардаби...
606 _aЧетвертичные отложения
_yАзербайджанская ССР
_2psbo
606 _aЖивотные ископаемые
_zЧетвертичный период
_yАзербайджанская ССР
_2psbo
801 0 _aRU
_bNLR
_gpsbo
801 1 _aRU
_bELAR
_2rusmarc
852 _aNLR
_jШифры разные
942 _cBOOK